书目信息 |
| 题名: |
微积分
|
|
| 作者: | 欧贵兵 主编 | |
| 分册: | ||
| 出版信息: | 广州 中山大学出版社 2004.06 |
|
| 页数: | 252页 | |
| 开本: | 26cm | |
| 丛书名: | 高职高专系列教材 | |
| 单 册: | ||
| 中图分类: | O172 | |
| 科图分类: | ||
| 主题词: | 微积分--wei ji fen--高等学校:技术学校--教材 | |
| 电子资源: | ||
| ISBN: | 7-306-02301-2 | |
| 000 | 00816nam 2200241 450 | |
| 001 | 012006040389 | |
| 005 | 20060308160759.56 | |
| 010 | @a7-306-02301-2@dCNY27.00 | |
| 100 | @a20060308d2004 km y0chiy0120 ea | |
| 101 | 0 | @achi |
| 102 | @aCN@b440000 | |
| 105 | @aa z 000yy | |
| 200 | 1 | @a微积分@Awei ji fen@f欧贵兵等主编@Fou gui bing deng zhu bian |
| 210 | @a广州@c中山大学出版社@d2004.06 | |
| 215 | @a252页@c图@d26cm | |
| 225 | 2 | @a高职高专系列教材@Agao zhi gao zhuan xi lie jiao cai |
| 330 | @a本书内容包括:函数、极限与连续,一元函数微分学及其应用,一元函数积分学及其应用、常微分方程等。 | |
| 410 | 0 | @12001 @a高职高专系列教材 |
| 606 | 0 | @a微积分@Awei ji fen@x高等学校:技术学校@j教材 |
| 690 | @aO172@v4 | |
| 701 | 0 | @a欧贵兵@Aou gui bing@4主编 |
| 801 | 0 | @aCN@bQSSK@c20060308 |
| 905 | @a10447@dO172@eQ220 | |
| 微积分/欧贵兵等主编.-广州:中山大学出版社,2004.06 |
| 252页:图;26cm.-(高职高专系列教材) |
| ISBN 7-306-02301-2:CNY27.00 |
| 本书内容包括:函数、极限与连续,一元函数微分学及其应用,一元函数积分学及其应用、常微分方程等。 |
| ● |
| 相关链接 |
|
|
|
正题名:微积分
索取号:O172/Q220
 
预约/预借
| 序号 | 登录号 | 条形码 | 馆藏地/架位号 | 状态 | 备注 |
| 1 | 555367 | 205553676 | 自科库401/401自科库 74排1列1层/ [索取号:O172/Q220] | 在馆 | |
| 2 | 555368 | 205553685 | 自科库401/401自科库 74排1列1层/ [索取号:O172/Q220] | 在馆 | |
| 3 | 555369 | 205553694 | 期刊室512/401自科库 74排1列1层/ [索取号:O172/Q220] | 在馆 |